| 000 | 00517nam a22001817a 4500 | ||
|---|---|---|---|
| 005 | 20251108164757.0 | ||
| 008 | 250721s1975 xx 000 0 ara d | ||
| 082 | 1 | 4 | _a810.4/أني |
| 100 | 1 | _aمنصور، أنيس | |
| 245 | 1 | 0 | _aطلع البدر علينا / |
| 264 | 1 |
_aالقاهرة : _bالمكتب المصري الحديث، _c1975. |
|
| 300 | _a180ص : مص | ||
| 650 | 1 | 7 | _aالأدب العربي |
| 650 | 1 | 7 | _aالمقالات |
| 650 | 1 | 7 | _aالمحاضرات |
| 942 |
_2ddc _cBK |
||
| 999 |
_c14118 _d14118 |
||